Normal view
MARC view
- Wapda, Lahore
Entry Personal Name
001 - CONTROL NUMBER
- control field: 44007
003 - CONTROL NUMBER IDENTIFIER
- control field: NUST
005 - DATE AND TIME OF LATEST TRANSACTION
- control field: 20210314132842.0
008 - FIXED-LENGTH DATA ELEMENTS
- fixed length control field: 210314|| aca||aabn | a|a d
040 ## - CATALOGING SOURCE
- Original cataloging agency: NUST
- Transcribing agency: NUST
100 ## - HEADING--PERSONAL NAME
- Personal name: Wapda, Lahore
670 ## - SOURCE DATA FOUND
- Source citation: Work cat.: (NUST): Wapda, Lahore, 1972 annual report of river and climatological data of west pakistan, 1975
